书目信息 |
| 题名: |
理解农民中国 : 社会科学哲学的案例研究
|
|
| 作者: | 伍亚荣 著 | |
| 分册: | ||
| 出版信息: | 北京 法律出版社 2011.10 |
|
| 页数: | 276页 | |
| 开本: | 21cm | |
| 丛书名: | ||
| 单 册: | ||
| 中图分类: | D996.9 | |
| 科图分类: | ||
| 主题词: | 国际法 | |
| 电子资源: | ||
| ISBN: | 7-5118-2158-8 | |
| 000 | 00553nam0 2200193 450 | |
| 001 | 1529146559 | |
| 005 | 20151221080735.96 | |
| 010 | @a7-5118-2158-8@dCNY22.00 | |
| 100 | @a20151221d2011 km y0chiy0120 ea | |
| 101 | 0 | @achi |
| 102 | @aCN@b110000 | |
| 200 | 1 | @a理解农民中国 : 社会科学哲学的案例研究@f伍亚荣著@Fwu ya rong zhu |
| 210 | @a北京@c法律出版社@d2011.10 | |
| 215 | @a276页@d21cm | |
| 606 | 0 | @a国际法 |
| 690 | @aD996.9@v4 | |
| 701 | 0 | @a伍亚荣@Awu ya rong@4著 |
| 801 | 0 | @aCN@b大连网信软件有限公司图书馆·11@c20151221 |
| 905 | @aZUCC@dD996.9@eW948 | |
| 理解农民中国 : 社会科学哲学的案例研究/伍亚荣著.-北京:法律出版社,2011.10 |
| 276页;21cm |
| ISBN 7-5118-2158-8:CNY22.00 |
| ● |
| 相关链接 |
|
|
|
正题名:理解农民中国 : 社会科学哲学的案例研究
索取号:D996.9/W948
 
预约/预借
| 序号 | 登录号 | 条形码 | 馆藏地/架位号 | 状态 | 备注 |
| 1 | 1235212 | 212352121 | 法学院资料室/ [索取号:D996.9/W948] | 在馆 |